Statistics for August 22nd: Birthdays

Click here to take the quiz!

General Stats

  • This quiz has been taken 3 times
  • The average score is 3 of 10

Answer Stats

YearClueAnswer% Correct
1862Composed La MerClaude Debussy
67%
1904Paramount Leader of China
Deng Xiaoping
67%
1934US GeneralNorman Schwarzkopf
67%
1941NFL Coach for the NY GiantsBill Parcel
33%
19647-time Grand Slam winnerMats Wilander
33%
1939Baseball Hall of FamerCarl Yastrzemski
0%
1893Won Marjorie Peabody AwardDorothy Parker
0%
1908Famous for The Decisive MomentHenri Cartier-Bresson
0%
1902Actress in TieflandLeni Riefenstahl
0%
1909NFL Center for the NY GiantsMel Hein
0%

Score Distribution

Percentile by Number Answered

Percent of People with Each Score

Your Score History

You have not taken this quiz